| 000 | 01196na a2200337 4500 | ||
|---|---|---|---|
| 001 | 21367 | ||
| 003 | MIRAKIL | ||
| 005 | 20181213155052.0 | ||
| 008 | 170204b tu 000 0 | ||
| 040 |
_aMilas _btur _cTR-AnCHP |
||
| 041 | _atur | ||
| 082 |
_aCHP 352.008 _bC36c 2009 |
||
| 090 | _aBROŞÜR 295 | ||
| 110 | _aCumhuriyet Halk Partisi (CHP) | ||
| 245 |
_aCumhuriyet Halk Partisi belediye başkanları _b(29 Mart 2009 yerel seçimleri) _cCHP |
||
| 246 | _aCHP belediye başkanları, 2009 | ||
| 246 | _aCHP belediye başkanları | ||
| 246 | _a29 Mart 2009 yerel seçimleri | ||
| 260 |
_aAnkara _bCHP _c2009 |
||
| 300 |
_a41 s. _c20 sm. |
||
| 440 |
_aCumhuriyet Halk Partisi yayınları _pEl kitapları |
||
| 505 | _aCHP Büyükşehir belediye başkanları - CHP İl belediye başkanları - CHP ilçe belediye başkanları - CHP belde belediye başkanları | ||
| 610 |
_aCumhuriyet Halk Partisi (CHP) _xBelediye başkanları _yListeler |
||
| 650 |
_aBelediyeler _zTürkiye |
||
| 650 |
_aYerel yönetimler _zTürkiye |
||
| 650 |
_aBelediye başkanları _zTürkiye |
||
| 657 | _aCHP el kitapları | ||
| 830 | _aCHP yayınları | ||
| 942 |
_2ddc _cBKS |
||
| 999 |
_c5956 _d5956 |
||